000 00579nam a2200193 a 4500
005 20140412111242.0
008 020409s19uu xx 00 eng d
020 _a1-85758-375-2
050 _aTR(GS 373.7
_bh176 1996
100 _aHall, Godfrey
245 _aBack to basics, Science :
_bfor 7-8 year olds /
_cGodfrey Hall.
260 _aLondon :
_bLetts Educational,
_c1996.
300 _a32 p. ; ill.
440 _aLetts Science
520 _aLetts Science, ages 7-8, key stage 2
650 _aScience
_xJuvenile literature
650 _aScience
_xbasics
999 _c102803
_d102803